| 000 | 00000nam##2200000za#4500 |
| 001 | 9.662441 |
| 003 | CaOODSP |
| 005 | 20241203113635 |
| 007 | ta |
| 008 | 150407|2001||||xxc||||| f|0| 0 eng|d |
| 020 | |a0-662-65438-2 |
| 040 | |aCaOODSP|beng |
| 041 | |aeng |
| 041 | |afre |
| 043 | |an-cn--- |
| 086 | 1 |aEn40-617/2001 |
| 110 | 1 |aCanada. |bEnvironment Canada. |
| 245 | 10|aProviding cleaner air to Canadians |
| 260 | |aOttawa - Ontario : |bEnvironment Canada |c2001. |
| 300 | |aEnglish text, 8p. ; |c28 cm. |
| 500 | |aN.B.: Incorrect catalogue number (EN40-617/2001E) and ISBN (0-662-29811-X) printed in this publication. |
| 546 | |aBilingual |
| 563 | |aSoftcover |
| 590 | |a01-40|b2001-10-05 |
| 690 | 07|aAir quality|2gcpds |
| 690 | 07|aAir pollution|2gcpds |
| 690 | 07|aPollution control|2gcpds |
| 776 | 0#|tProviding cleaner air to Canadians |w(CaOODSP)9.696173 |
| 792 | |tDe l'air pur pour les Canadiens |efre|w(CaOODSP)9.662442 |